| 000 | nam a22 7a 4500 | ||
|---|---|---|---|
| 999 |
_c128781 _d128781 |
||
| 008 | 190121b xxu||||| |||| 00| 0 eng d | ||
| 020 | _a9789383359707 | ||
| 050 | _aHD30.2.S577 2015 | ||
| 100 |
_aSimon, Phil _944028 |
||
| 245 |
_aThe age of the platform _bhow amazon, apple, facebook and google have redefined business _cPhil Simon |
||
| 250 | _aRev. ed. | ||
| 260 |
_aMumbai _bEmbassy Books _c2015 |
||
| 300 |
_axxx, 282p. ; _c22cm. |
||
| 650 |
_aInformation technology _xManagement _944029 |
||
| 650 |
_aTechnological innovations _xManagement _912290 |
||
| 650 |
_aCloud computing _944030 |
||
| 650 |
_aPlatforms _944031 |
||
| 942 |
_2lcc _cMONOGRAPH |
||